00385cam a22000971 4500082001500000100001800015245009900033260004400132300007400176526003700250 a956.7bMai1 aMain, Ernest,00aIraq from mandate to independence,cby Ernest Main, with a foreword by Lord Lloyd of Dolobran. aLondon,bG. Allen & Unwin ltd.c[c1935] a2 p. 1., 3-267 [1] p.bplates, 2 port. (incl. front.) 2 maps.c24 cm. a0b0c0d956_700000000000000_MAI